| 000 | 00468 a2200157 4500 | ||
|---|---|---|---|
| 999 |
_c1876 _d1876 |
||
| 020 | _a9788131509791 | ||
| 050 | _aHG 173 MAD 2008 | ||
| 100 |
_aMadura Jeff _d2008 _eAuthor |
||
| 245 |
_aFinancial markets and institutions / _cMadura Jeff |
||
| 264 |
_aUnited States _bCengage learning _c2008 |
||
| 300 |
_a649p.: _bill. |
||
| 500 | _aincludes index | ||
| 650 | _aFinancial markets and institutions | ||
| 700 |
_aMadura Jeff _d2008 _eAuthor |
||
| 942 |
_2lcc _cBK _h173 _iMAD _kHG |
||